000 05374cam a2200553Mi 4500
999 _c27456
_d27456
001 on1016901789
003 OCoLC
005 20240801165440.0
006 m o d
007 cr |||||||||||
008 170607s2017 ne ob 001 0 eng d
020 _a9780123854995
_q(electronic bk.)
020 _a0123854997
_q(electronic bk.)
020 _z9780123854988
_q(hbk.)
020 _z0123854989 (Trade Paper)
020 _a0123854989
020 _a9780123854988
024 3 _a9780123854988
035 _a(OCoLC)1016901789
040 _aNLE
_beng
_erda
_epn
_cNLE
_dNLE
_dOPELS
_dUAB
_dSTF
_dMERER
_dOCLCF
_dOCLCQ
_dD6H
_dKNOVL
_dERL
_dOCLCQ
_dWAU
_dCEF
_dOCLCQ
_dWYU
_dU3W
_dLVT
_dCQ$
_dS2H
_dOCLCO
_dOCLCQ
_dSFB
_dOCLCQ
_dOCLCO
_dOCLCL
050 4 _aTK153
082 0 4 _a621.3
_223
100 1 _aGerrard, G. T.
_q(Geoff T.),
_eauthor.
_1https://id.oclc.org/worldcat/entity/E39PCjK97fJwXKdMJXp3HK66PP
245 1 0 _aOffshore electrical engineering manual /
_cGeoff Macangus-Gerrard.
250 _aSecond edition.
264 1 _aAmsterdam :
_bGulf Professional Publishing,
_c2017.
300 _a1 online resource
336 _atext
_btxt
_2rdacontent
337 _acomputer
_bc
_2rdamedia
338 _aonline resource
_bcr
_2rdacarrier
500 _aFirst edition published by Butterworth-Heinemann in 1992, as Offshore electrical engineering / G.T. Gerrard.
504 _aIncludes bibliographical references and index.
505 0 _a1. Introduction of Offshore Power Requirements; 2. Electrical Systems General Requirements; 3. Prime Movers and Generator Selection; 4. Process Drivers and Starting Requirements; 5. Control and Monitoring Systems; 6. Generation and Distribution Switchgear and Transformers; 7. Cabling Systems and Equipment Installation; 8. Environmental Topics; 9. Power System Disturbances: Prediction and Protection; 10. Offshore Lighting; 11. Subsea Supplies; 12. Reliability; 13. Commissioning; 14. Maintenance and Logistics; Appendix A: Guide to Offshore Installations; Appendix B: Typical Commissioning Test Sheets; Appendix C: Simple Three-Phase Fault Calculations Program; Appendix D: Commercial Programs for Load Flow, Fault and Transient Stability; Appendix E: Comparison of World Hazardous Area Equipment.
520 8 _aAnnotation
_bOffshore Electrical Engineering Manual, Second Edition, is for electrical engineers working on offshore projects who require detailed knowledge of an array of equipment and power distribution systems. The book begins with coverage of different types of insulation, hot-spot temperatures, temperature rise, ambient air temperatures, basis of machine ratings, method of measurement of temperature rise by resistance, measurement of ambient air temperature. This is followed by coverage of AC generators, automatic voltage regulators, AC switchgear transformers, and programmable electronic systems.The emphasis throughout is on practical, ready-to-apply techniques that yield immediate and cost-effective benefits. The majority of the systems covered in the book operate at a nominal voltage of 24 y dc and, although it is not necessary for each of the systems to have separate battery and battery charger systems, the grouping criteria require more detailed discussion.The book also provides information on equipment such as dual chargers and batteries for certain vital systems, switchgear tripping/closing, and engine start batteries which are dedicated to the equipment they supply. In the case of engines which drive fire pumps, duplicate charges and batteries are also required.Packed with charts, tables, and diagrams, this work is intended to be of interest to both technical readers and to general readers. It covers electrical engineering in offshore situations, with much of the information gained in the North Sea. Some topics covered are offshore power requirements, generator selection, process drivers and starting requirements, control and monitoring systems, and cabling and equipment installationDiscusses how to perform inspections of electrical and instrument systems on equipment using appropriate regulations and specificationsExplains how to ensure electrical systems/components are maintained and production is uninterruptedDemonstrates how to repair, modify, and install electrical instruments ensuring compliance with current regulations and specificationsCovers specification, management, and technical evaluation of offshore electrical system designFeatures evaluation and optimization of electrical system options including DC/AC selection and offshore cabling designs.
650 0 _aElectrical engineering.
650 0 _aOffshore structures.
650 0 _aOffshore structures
_xDesign and construction.
650 6 _aG�enie �electrique.
_0(CaQQLa)201-0000849
650 6 _aStructures offshore.
_0(CaQQLa)201-0052398
650 7 _aelectrical engineering.
_2aat
_0(CStmoGRI)aat300054490
650 7 _aoffshore structures.
_2aat
_0(CStmoGRI)aat300008039
650 7 _amarine structures.
_2aat
_0(CStmoGRI)aat300008038
650 7 _aElectrical engineering
_2fast
_0(OCoLC)fst01728596
650 7 _aOffshore structures
_2fast
_0(OCoLC)fst01044386
650 7 _aOffshore structures
_xDesign and construction
_2fast
_0(OCoLC)fst01044398
776 0 8 _iPrint version:
_z9780123854988
856 4 0 _3ScienceDirect
_uhttps://www.sciencedirect.com/science/book/9780123854988
942 _2ddc
_cEBK